000 01381nam a2200157Ia 4500
999 _c9292
_d9292
020 _a9781786351586
082 _a337
_bPRA-C
100 _aPrabhakar, Akhilesh Chandra
245 _aCurrent global recession
_b:a theoretical and empirical investigation into developed and BRICS economies
260 _aUK
_bEmerald
_c2017
300 _axxiii, 430p
504 _aIncluded bibliography and index
520 _aThis generation's economic crisis has truly global reach, with repercussions reverberating throughout nations and across societies. Prabhakar investigates the world-wide depression, using empirical understanding and new data sets on indicator and policy variables. He focuses on: the overall causes of this crisis and the failures of mainstream economics; analyzes the rising tide of poverty and social inequality resulting from the depression; examines the relationship between the economic crisis and economic systems; studies the evolution of the global monetary system and history of central banking; and delves into BRICS with a particular focus on China and India, as well as Europe and the United States. This applicable work should be used to understand and study the true global reach of this crisis, and the effect on economic policy and society as a whole.
650 _aGlobal Financial Crisis
_vRecession
_vEconomic history
_vMacro economics
942 _cBK
_2ddc